| 000 | 00755nmm a2200277 a 4500 | ||
|---|---|---|---|
| 003 | AR-BaBNM | ||
| 005 | 20251128203828.0 | ||
| 008 | 137019s1965 ||||||||||||||000 | spa|| | ||
| 040 | _cAR-BaBNM | ||
| 100 | 1 | _aTonne, Herbert A. | |
| 245 | 1 | 0 | _aMétodos para la enseñanza de materias comerciales |
| 250 | _a3ª ed. | ||
| 260 |
_aMéxico, D.F. _bTrillas _c1965 |
||
| 300 | 0 |
_a431 p. _bil. |
|
| 650 | 4 | _aENSENANZA COMERCIAL | |
| 650 | 4 | _aMETODOS DE ENSENANZA | |
| 650 | 4 | _aENSENANZA DE LAS MATEMATICAS | |
| 650 | 4 | _aTAQUIGRAFIA | |
| 653 | _aEDUCACION SECUNDARIA | ||
| 653 | _aEDUCACION SUPERIOR | ||
| 700 | 1 | _aPopham, Estelle L. | |
| 700 | 1 | _aFreeman, M. Herbert | |
| 700 | 1 |
_aPalazón, Ramón _etraductor |
|
| 942 | _cBK | ||
| 998 | _cCarmen | ||
| 999 |
_c5072 _d5072 |
||